Super héros Marvel (difficile #2) - Statistiques

Statistiques générales
  • Ce quiz a été pris 143 fois
  • Le résultat moyen est 7 sur 16
Statistiques - réponses
Par images Réponse % Correct
Namor
82%
Kang le Conquérant
80%
Cosmo
74%
Crossbones
61%
Shocker
61%
Emma Frost
56%
La Cape
54%
Apocalypse
42%
Klaw
37%
Crystal
32%
Viper
32%
Le Maître de l'évolution
27%
Kitty Pride
24%
Ghost
22%
L'homme multiple
16%
Patriot
4%
Aucun quiz correspondant
Distribution des résultats
% des personnes avec chaque résultat
Percentile par nombre de réponses
Votre historique - résultats
Vous n’avez pas pris ce quiz